000 00467nam a2200169Ia 4500
003 GCL
008 140319s9999 xx 000 0 eng d
040 _aGCL /
_cGCL
082 0 4 _a728.8
_bA V
100 1 _aACK ERMAN, JAMES. S
245 1 0 _aTHE VILLA FORM AND IDEOLOGY OF COUNTRY HOUSES /
_cACK ERMAN, JAMES. S
260 _a[S.N] :
_bBRITISH LIBRARY CATOLOGING GREAT ،
_c1995
300 _a304
650 0 4 _aCOUNTRY HOUSES
650 0 4 _aNELLA
942 _2ddc
_cBK
999 _c10253
_d10253